00534 2200193 4500001002100000005001500021035002000036007000300056008004100059020002200100082000800122084001400130100002000144245008200164260003200246300002100278650002900299990001200328INLIS00000000001717120240924030417 a0010-0924000169ta240924 g 0 ind  a978-979-8229-28-2 a811 a811 GIB k0 aGIBRAN, Maulana1 aKumpulan Pantun & Puisi :bDilengkapi Kta Mutiara Pribahasa /cGibran Maulana a[s.l.] :bSangkala,c[s.a.] a128 hlm ;c21 cm 4aPUISI INDONESIA-KUMPULAN a11921 a